| 000 | 00510nam a2200169Ia 4500 | ||
|---|---|---|---|
| 003 | LDD | ||
| 008 | 190117s9999 xx 000 0 und d | ||
| 020 |
_a817280672 _c₹60 |
||
| 040 | _cLDD | ||
| 041 | _ahi | ||
| 082 | _a8H3.7 र 7656 बो | ||
| 100 | _aरहबर, हंसराज | ||
| 245 | 0 |
_aबोले सो निहाल _cहंसराज रहबर |
|
| 260 |
_aदिल्ली _bराजपाल एण्ड सन्स _c1990 |
||
| 300 | _a184प्र. | ||
| 942 |
_2ddc _cH |
||
| 999 |
_c168121 _d168121 |
||